[Event "UKR-ch KO 74th"]
[Site "Rivne"]
[Date "2005.08.27"]
[Round "2.2"]
[White "Baklan, Vladimir"]
[Black "Kruppa, Yuri"]
[Result "0-1"]
[WhiteElo "2584"]
[BlackElo "2525"]
[Annotator "Psakhis,L"]
[PlyCount "96"]
[EventDate "2005.08.24"]
[EventType "k.o."]
[EventRounds "5"]
[EventCountry "UKR"]
[SourceTitle "CBM 109"]
[Source "ChessBase"]
[SourceDate "2005.11.14"]
[SourceVersion "1"]
[SourceVersionDate "2005.11.14"]
[SourceQuality "1"]

1. e4 e6 2. d4 d5 3. Nc3 Bb4 4. e5 c5 5. a3 Bxc3+ 6. bxc3 Nc6 {A rare move,
which, however, often leads to sharp play.} 7. Qg4 (7. Nf3 Qa5 8. Bd2 Nge7 {
- C 19} (8... Qa4 $5 {/\} 9. dxc5 $6 f6 10. exf6 Nxf6 11. Be2 O-O 12. O-O e5))
7... g6 8. a4 (8. Nf3 Qa5 (8... Bd7 9. Be2 Qa5 10. Bd2 c4 11. Qh4 h6 12. O-O
Nge7 13. Qf6 O-O-O 14. a4 Rh7 15. Rfb1 Rg8 16. Qh4 Nf5 17. Qh3 g5 18. g4 h5 19.
gxf5 g4 20. Qg2 exf5 21. Rb5 Qd8 22. Ne1 Be6 23. Rab1 f6 {1-0 Usachyi,M-Gufeld,
E/UKR-sf Kiev 1960/EXT 2003 (28)}) 9. Bd2 Qa4 (9... f5 10. exf6 Nxf6 11. Qh4
O-O 12. Bd3 c4 13. Be2 Ne4 14. Ng5 Nxg5 15. Qxg5 e5 16. O-O Bf5 17. dxe5 Nxe5
18. Rab1 b6 19. g4 Bxc2 {1/2-1/2 Leitao,R (2550)-Lima,D (2519)/Sao Paulo zt 2.
4 2003/ (41)}) 10. Ra2 c4 (10... b6 11. Qf4 cxd4 12. Nxd4 Nxd4 13. Qxd4 Bd7 14.
Bd3 Ne7 15. Ke2 Rc8 16. Rb1 Qxd4 17. cxd4 Nc6 18. Ke3 f6 19. f4 O-O 20. a4 g5
21. g3 fxe5 22. fxe5 Be8 23. Rf1 Bg6 24. Raa1 Kg7 {0-1 Ermolaev,A (2372)
-Khmelnitsky,A (2483)/Voronezh Master op 2003/ (46)}) (10... h6 11. Bd3 c4 (
11... b6 12. h4 Ba6 13. O-O Bxd3 14. cxd3 cxd4 15. Rc1 Qb5 16. Nxd4 Nxd4 17.
cxd4 a5 18. Qf3 Rh7 19. Rac2 Rd8 20. Rc7 Qa6 21. a4 Rd7 22. Qd1 f5 23. R7c6
Rhe7 24. Qb3 Rb7 25. Rd6 Kf7 26. Rcc6 Qa8 27. Rxb6 Rxb6 28. Rxb6 Qc8 29. Rb5
Ra7 30. Rb8 Qd7 31. Qa3 Ne7 32. Bxh6 Rb7 33. Rf8# {1-0 Fogarasi,T-Totsky,L/
Budapest FS03 GM 1996}) 12. Be2 Bd7 13. h4 O-O-O 14. O-O Rf8 15. Re1 Rh7 16.
Nh2 Nce7 17. Qh3 f5 18. exf6 Nxf6 19. Ng4 e5 20. dxe5 Ne4 21. e6 Bxe6 22. Qe3
Nf5 23. Qf4 Qe8 24. f3 Nfg3 25. Qe3 Nxd2 26. Qxd2 Bxg4 27. fxg4 Re7 {0-1 Otero,
D (2394)-Herraiz Hidalgo,H (2491)/Havana Capablanca mem-B 2003/}) 11. Be2 (11.
h4 h6 12. Be2 Bd7 13. O-O O-O-O 14. Qf4 Rf8 15. Be1 Qa5 16. Qc1 f5 17. Bd2 Qa4
18. g3 Rf7 19. Kg2 Rfh7 20. Rh1 Nge7 21. Bf4 Kb8 22. Ra1 Nc8 23. Qb2 Nb6 24.
Rag1 Qa5 {1/2-1/2 Onischuk,V (2349)-Kruppa,Y (2525)/Kiev Independence Cup-A
2005/ (44)}) 11... Bd7 12. Qf4 h6 13. h4 (13. O-O Rh7 14. Qh4 Rg7 15. Rb1 b6
16. g4 g5 17. Qh3 O-O-O 18. Ne1 Rf8 19. Ng2 f6 20. exf6 Nxf6 21. Qxh6 Rgg8 22.
f3 e5 {1-0 Agdestein,S (2572)-Knott,S (2383)/BCF t-ch 0102 2002/ (34)}) 13...
Rh7 14. h5 g5 15. Qg3 (15. Qe3 O-O-O 16. O-O Rf8 17. Nh2 f5 18. exf6 Nxf6 19.
f4 Ne4 20. fxg5 Rxf1+ 21. Nxf1 Nxg5 22. Qg3 Qb5 23. Qe1 Rg7 24. Kh1 e5 25. dxe5
d4 26. cxd4 Nxd4 27. Bc3 Nxe2 28. Qxe2 Bc6 29. Qg4+ Kb8 30. Rb2 Qc5 31. e6 Nf3
32. Qf4+ Kc8 33. Qxf3 Bxf3 34. Bxg7 Qxh5+ 35. Nh2 Bc6 {0-1 Arakhamia,K (2413)
-Socko,M (2354)/Bled Olympiad w 2002/}) 15... O-O-O 16. Nh2 f5 17. exf6 Nxf6
18. Ng4 Nxg4 19. Bxg4 Qa5 20. Qe3 e5 21. Bxd7+ Rdxd7 {1/2-1/2 Averjanov,A 
(2398)-Kruppa,Y (2522)/St Petersburg 300 Years 2003/}) (8. h4 Qa5 9. Bd2 Qa4
10. Ra2 (10. Rh3 Nxe5 11. Qf4 Nc6 12. dxc5 Qxf4 13. Bxf4 e5 14. Bxe5 f6 15. Bd6
Bxh3 16. Nxh3 Nge7 17. Rb1 O-O-O 18. Bb5 Nf5 19. Bh2 Ne5 20. Nf4 a6 21. Ba4 Nc4
{1/2-1/2 Loskutov,O (2406)-Kruppa,Y (2544)/Samara op 2002/ChessBase (44)})
10... Nxe5 11. Qf4 Nc4 12. h5 Nxd2 13. hxg6 fxg6 14. Qe5 $1 (14. Kxd2 Ne7 15.
Nf3 Bd7 16. Ng5 Rf8 17. Qe5 cxd4 18. Rxh7 dxc3+ 19. Ke3 Nc6 20. Qd6 Qd4+ {
0-1 Asadpour,M-Mihajlovskij,S (2245)/Hallsberg op 1996/ChessBase/[Ernst]})
14... Nf6 15. Qxf6 Rf8 16. Qg7 Nxf1 17. Rxh7 Qd7 18. Qxg6+ Rf7 19. Rh8+ Ke7 20.
Qg5+ Kd6 21. Rd8 {and White wins}) 8... Bd7 (8... Qa5 9. Bd2 f5 10. Qh4 Bd7 11.
Nf3 Nge7 12. Bb5 O-O-O 13. Qh6 Qb6 14. Bg5 Rde8 15. O-O cxd4 16. cxd4 Nxd4 17.
Nxd4 Qxd4 18. Bxd7+ Kxd7 19. Bf6 Rhf8 20. Rab1 b6 21. Rfd1 Qc5 22. Qxh7 Kc8 23.
a5 Qc7 24. axb6 axb6 25. h4 Kb7 26. c4 Ng8 27. Rxb6+ Kxb6 28. Rb1+ Kc6 29.
cxd5+ {1-0 Rechlis,G (2510)-Berkovich,M (2430)/Tel Aviv ASA 1994/ChessBase}) (
8... f5 $1 9. Qd1 (9. exf6 $6 Nxf6 10. Qh4 Qa5 $1 11. Bd2 (11. Qxf6 Rf8) 11...
Ne4 $15) (9. Qf4 Qa5 10. Bd2 c4 11. h4 h6 12. g4 Nge7 13. Bh3 Bd7 14. Ne2 O-O-O
15. Qg3 Rdg8 16. Bc1 g5 17. gxf5 g4 18. fxe6 Bxe6 19. Bg2 Nf5 20. Qf4 Nfxd4 21.
Qd2 Nxe2 22. Kxe2 Nxe5 23. Ba3 Nf3 24. Bxf3 gxf3+ 25. Kd1 Rg4 26. Bb4 Qb6 27.
a5 Qc6 28. Kc1 Re4 29. Re1 Rxh4 30. Kb2 Bd7 31. Re5 Re8 32. Rxd5 Re2 {1/2-1/2
Timoshenko,G-Dobrowolski,P/Cappelle la Grande 1994/ChessBase}) 9... Qa5 10. Bd2
Nge7 11. Nf3 c4 12. h4 h6 13. Qc1 Nd8 $1 (13... Bd7 14. Rb1 Nc8 15. Bxh6 Nb6
16. Bd2 O-O-O 17. Qb2 Rdg8 18. Be2 Nd8 19. Ng5 $14 {1-0 Vukovic,Z-Maksimovic,B/
JUG-chT Cetinje 1990 (35)}) 14. Qa3 Bd7 15. Rg1 $5 (15. Be2 Nf7 16. O-O Nc8 $5
{/\ Qd8, g5, /\ Nb6 ><a4}) 15... Rc8 $1 {/\ Rc6} 16. Qb4 (16. g4 Rc6 17. gxf5
exf5 $1 $15) 16... Nec6 (16... Qxb4 17. cxb4 c3 $5 $13) 17. Qb2 Ne7 18. g4 $6 (
18. Qb4) (18. Qb4) 18... Rc6 19. Bh3 Ra6 $15 {1-0 Gligoric,S (2465)-Maksimovic,
B (2385)/Jugoslavija 1991//[Maksimovic,B] (40)}) (8... Qc7 9. Bd2 {Gaining
control over the b4-square. Black was threatening 9...cxd4 10.cxd4 Nb4.} f6 10.
Nf3 $1 ({After} 10. exf6 Nxf6 {Black has a dangerous initative. Using tactical
features of the position, White retains a positional advantage.}) 10... fxe5
11. Nxe5 Nf6 (11... Nxe5 12. Qf4 $1 (12. Qg3 $6 Nf6 $132) 12... Ne7 13. Qxe5
Qxe5+ 14. dxe5 {, with the idea Bg5-f6.}) 12. Qf4 O-O 13. Nxc6 Qxc6 14. Bb5 {
The key move in this line. White wins an important tempo for developing his
pieces.} Qb6 15. dxc5 (15. O-O $2 c4) 15... Qxc5 16. Qd4 Qxd4 17. cxd4 Ne4 18.
f3 Nd6 ({The most stubborn. After} 18... Nxd2 19. Kxd2 {[%csl Re6][%cal Gh1e1,
Ge1e6,Ga1b1,Gb1b6] White has all the chances to convert his ending advantage.})
19. Bd3 {1-0 Atlas,V (2460)-Weinzettl,E (2375)/AUT-chT 1997/CBM 61/[Atlas,V] 
(36)} (19. Bb4 {is dubious in view of} Nxb5 20. Bxf8 Nxd4 21. O-O-O Nxf3)) (
8... cxd4 {is met by} 9. cxd4 Nb4 10. Bb5+ (10. Qd1 {fails to} Qc7) 10... Bd7
11. Qe2 $16) 9. Nf3 Qa5 10. Bd2 c4 11. Be2 (11. h4 h6 12. Qf4 Rh7 13. g3 O-O-O
14. Bh3 Rf8 15. O-O Kb8 16. Qe3 Ka8 17. Bc1 f5 18. exf6 Nxf6 19. Ba3 Re8 20.
Ne5 Ne4 21. Bb4 Qc7 22. Nxd7 Qxd7 23. Bg2 Nd6 {0-1 Bologan,V (2675)-Kruppa,Y 
(2530)/Moscow Aeroflot-A 2004/ChessBase (39)}) 11... O-O-O 12. O-O f5 $146 (
12... f6 13. Rfb1 fxe5 14. dxe5 Rf8 15. Rb5 Qc7 16. Be3 {1/2-1/2 Marusenko,P 
(2327)-Kruppa,Y (2520)/Kiev Independence Cup 2003/}) 13. Qg5 (13. exf6 Nxf6 14.
Qf4 Ne4 {[%csl Ge4]}) 13... Be8 {[%cal Gh7h6]} (13... Nge7 14. Qh6 $5 {[%cal
Gh2h4]}) 14. Qh4 Rd7 {[%cal Gd7g7]} 15. Rfb1 a6 16. Ng5 Nd8 (16... Bf7 $5 {
[%cal Gh7h6]}) 17. Qh3 {[%cal Gd2c1,Gc1a3]} Re7 18. Bc1 Nf7 19. Nxf7 ({Worth
considering is} 19. Nf3 $5 {. Baklan has a huge space advantage and should
avoid any unnessacary exchanges.}) 19... Rxf7 20. Qf3 (20. Ba3 $5 Bxa4 21. Bb4
Qb5 22. Bc5 Qe8 23. Ra2 $44 {[%cal Gb1b6]}) 20... h6 21. Ba3 Bc6 22. Bc5 Qd8
23. Rb6 Ne7 24. Rab1 (24. Qe3 $5 {[%cal Ge3c1]}) 24... Qd7 25. Qg3 Rg7 26. a5 {
White's position is better due to his big space advantage, but the Black
position is very solid, as he has no weaknesses.} Kd8 $5 {[%cal Ge7c8]} 27. f4
Nc8 28. Qh4+ Kc7 (28... g5 29. fxg5) 29. R6b2 g5 30. fxg5 $6 {Possibly short
of time, Baklan begins to lose the thread of the game.} ({It was more sensible
to continue} 30. Qg3 Kb8 $13 {and now Black will get better chances.} (30...
gxf4 31. Qxf4 {[%cal Gc5d6]})) 30... Qd8 $1 31. Rf1 (31. Qf2 $5) 31... hxg5 32.
Qg3 Kb8 {[%csl Ra5]} 33. Bb4 Be8 $1 {[%cal Ge8h5]} 34. Rf2 (34. Rfb1 Bh5 35.
Bf1 f4 $36) 34... Rgh7 35. h3 Bh5 36. Bf1 f4 $36 37. Qh2 {[%csl Rh2]} Bg4 $1 {
[%cal Gg4f5,Gf5e4]} 38. Rb1 Ne7 $17 {[%cal Cf1e2,Ce2g4,Ge7f5]} 39. Bxe7 Qxe7
40. Rb4 Qg7 (40... f3 $5) 41. Rb1 Qg6 {[%csl Rc2,Rh2][%cal Gg4f5]} 42. Re1 Bf5
43. Ree2 (43. Rc1 Rh4 $19 {[%cal Rg5g4]}) 43... Qe8 {[%csl Ra5][%cal Ge8d8,
Re8a4]} 44. Qh1 {[%csl Rh1]} (44. Re1 Qa4) 44... Qa4 45. g3 {Desperation, but
I can't see real improvement for White.} Bxh3 46. Rh2 (46. gxf4 Bxf1) 46... Qa1
47. Kf2 (47. Qf3 Bxf1 48. Qxf1 Qxf1+ 49. Kxf1 Rxh2) 47... fxg3+ (47... Qxc3 $5
48. gxf4 gxf4) 48. Kxg3 Qxc3+ 0-1

[Event "EU-ch 6th"]
[Site "Warsaw"]
[Date "2005.06.25"]
[Round "7"]
[White "Firman, Nazar"]
[Black "Kornev, Alexei"]
[Result "0-1"]
[WhiteElo "2471"]
[BlackElo "2565"]
[Annotator "Psakhis,L"]
[PlyCount "108"]
[EventDate "2005.06.18"]
[EventType "swiss"]
[EventRounds "13"]
[EventCountry "POL"]
[SourceTitle "CBM 108"]
[Source "ChessBase"]
[SourceDate "2005.09.26"]
[SourceVersion "1"]
[SourceVersionDate "2005.09.26"]
[SourceQuality "1"]

1. e4 e6 2. d4 d5 3. Nc3 Bb4 4. e5 c5 5. a3 Bxc3+ 6. bxc3 Ne7 7. Qg4 Qc7 {
Black had many troubles in recent practice in getting a comfortable position
in this sharp line.} (7... O-O $5 {but Poldauf has great experience in this
interesting and extremely sharp line.}) 8. Qxg7 Rg8 9. Qxh7 cxd4 10. Ne2 Nbc6
11. f4 dxc3 12. Qd3 Bd7 13. Qxc3 (13. Rb1 {or}) (13. Nxc3 {could be a good
alternative to the text.}) 13... O-O-O 14. Rb1 Nf5 15. Rg1 d4 16. Qd3 Na5 $5 {
Beyond any doubt this move is the most crucial for the evaluation of the whole
variation.} ({Black experiences much more difficulties after} 16... f6 17. exf6
e5 18. g4 Nh4 ({Worth considering is} 18... Nd6 {for example:} 19. g5 e4 20.
Qb3 Kb8 21. f7 Rg7 22. h4 Rxf7 23. h5 d3 24. cxd3 exd3 25. Ng3 Qa5+ 26. Bd2
Re7+ 27. Be2 Qc5 $36 {0-1 Brenke,A-Farago,I/Lippstadt 1994 (34)}) 19. f7 (19.
h3 $5 e4 20. Qxe4 d3 21. cxd3 Rge8 22. Qc4 Be6 23. Qc3 Nf3+ 24. Kf2 Nxg1 25.
Kxg1 Qh7 26. f5 Bxf5 27. gxf5 Qxf5 28. Nf4 Rd4 29. Rb4 $18 {1-0
Cladouras-Djurhuus/Gausdal Troll 1991 (41)}) 19... Rxg4 20. Rxg4 Bxg4 21. Bh3
Qd7 22. Bxg4 Qxg4 23. Rb3 (23. Qg3 $5 Qh5 (23... Qf3 24. Qxh4 e4 25. Ng1 Qh1
26. Kf1 Rf8 27. Qg4+ Kc7 28. Qg8 Qxh2 29. Qxf8 Qxc2 30. Qg7 Qxb1 31. f8=Q+ Kb6
{1-0 Anukhin,A-Hasanov,M/Kirov sf-RUS 1993 (31)}) 24. Rb3 e4 25. Qg8 (25. Qg7
d3 26. cxd3 Nf3+ 27. Kf2 Qxh2+ 28. Qg2 Qxg2+ 29. Kxg2 exd3 {1/2-1/2 Stepashkin,
E-Belov,A/Kaluga 1996/EXT 2000 (29)} (29... exd3 30. Kxf3 dxe2 31. Re3 Rf8 32.
Bb2 Rxf7 33. Rxe2 Kd7 34. Kg4 Ne7 35. Be5 Nc6 36. f5 Nxe5+ 37. Rxe5 Re7 {
1/2-1/2 Hellers,F-Djurhuus,R/Gausdal 1992/TD (37)})) 25... Qd5 (25... Ng6 26.
Rg3 $16 (26. Ng3 Qxh2 27. Qxg6 Qg1+ 28. Kd2 e3+)) 26. Qg7 Nf3+ 27. Rxf3 {'!'}
exf3 28. f8=Q Qe4 29. Qxd8+ Nxd8 30. Qe5 Qxc2 31. Nxd4 Qxc1+ 32. Kf2 Qd2+ (
32... Qb2+ 33. Kxf3 Qxa3+ 34. Kg4 Qa2 35. h4 Qg2+ 36. Kh5 Qd2 37. Kg6 Qg2+ 38.
Kf6 Qg8 39. Qc5+ Kd7 40. Qxa7 Qf7+ 41. Kg5 Ne6+ 42. Nxe6 Qe7+ $18 {etl 1-0
Kilgour,D-Dorner,J/Pelikan mem-A 1998/77 telechess}) 33. Kxf3 Qxh2 34. Qf5+ Kb8
35. Qd7 {1/2-1/2 Gutsche,D-Anda,H/corr 2000}) 23... Qd7 $146 24. fxe5 $142 (24.
Qh3 $6 Nf5 $5 25. Ng3 Nd6 26. Qxd7+ Kxd7 27. fxe5 Nxe5 {1/2-1/2 Paramonov,
D-Neelotpal,D/Alushta Autumn 1st 2004/CBM 103/[Psakhis] (35)}) 24... Nxe5 (
24... Ng2+ 25. Kf1 Nxe5 26. Qb5 $1 Qxf7+ 27. Kxg2 Rd5 28. Qa4 $18) 25. Qe4 Nhg6
(25... Qxf7 26. Qxe5 Nf3+ 27. Rxf3 Qxf3 28. Bf4 $18 {[%csl Rc8]}) 26. Bf4 $5
Nxf4 27. Qxe5 $18 {and the Black's position is almost hopeless.}) ({Another
possible move here is} 16... Be8 {with the possible continuation} 17. g4 Nh4 (
17... Nfe7 18. Rg3 f6 19. exf6 Nd5 20. g5 Bg6 21. Qc4 Rge8 22. Bd2 e5 23. Bh3+
$18 {Timman-Martin, Manila Ol. 1992}) 18. Rg3 (18. Bd2 f6 19. exf6 Bg6 20. Qg3
Qh7 21. f7 Rg7 22. Qb3 Rxf7 23. Qxe6+ Rfd7 24. f5 Nf3+ 25. Kd1 Bf7 {1/2-1/2
Heurtebize,O-Moldovan,D/Avoine op 2002/ (49)}) 18... f6 19. exf6 Bg6 (19... e5
20. g5 $1 Bf7 $1 (20... Bh5 21. f5 $1 Qa5+ 22. Bd2 Qd5 23. Qb3 Qxb3 24. Rbxb3
$13) 21. Rh3 (21. Bh3+ $6 Kb8 22. fxe5 $2 Nxe5 $19 23. Qe4 Rge8 $3 24. Kf1 (24.
Qxh4 Qxc2 25. Rb2 Nf3+ $19) 24... Neg6 $1 25. Qg4 Qxc2 26. Bf4+ Nxf4 (26... Ka8
27. Rc1 Qb2 28. Rd3 Nxf4 29. Rxd4 Be6 30. Rxd8+ Rxd8 {1-0 Kondou,E-Petraki,M/
Athens 1991/Vaiser (65)}) 27. Qxf4+ Ka8 28. Re1 d3 29. Qxh4 Qxe2+ $1 {0-1
Sznapik,A-Nogueiras,J/Thessaloniki (ol) 1988}) 21... Bg6 22. Qc4 Bf7 23. Qa4
$13 Rh8 24. fxe5 Be6 25. Bf4 Qd7 26. Rd3 Ng6 27. Nxd4 Nxf4 {1-0 Brueckner,
J-Naumovic,J/corr 1998/ChessBase}) 20. f5 (20. Qc4 Bf7 21. Bh3 (21. Qa4 $1 Rd5
$5 22. Bd2 (22. Rb5 e5 $44) 22... e5 23. fxe5 Rxe5 24. Kd1 $1 Re4 $44) 21... e5
22. g5+ Kb8 23. Be6 Bxe6 24. Qxe6 Rge8 25. Qg4 e4 26. Qxh4 d3 27. Qg4 $146 dxe2
28. Be3 Nb4 29. Qxe2 Nxc2+ 30. Kf1 Nxe3+ 31. Qxe3 Rd3 32. Qe2 Qxf4+ 33. Qf2 Qd6
34. f7 Rd8 35. Re1 Rd5 36. Re2 Rd1+ 37. Kg2 {1-0 Balabaev,F-Fernandez Alvarez,
R/corr 2002/ChessBase/[Perez]}) 20... exf5 (20... Ne5 21. Qb5 exf5 22. Bf4 Rge8
23. gxf5 Bxf5 24. Rg7 Rd7 25. Rxd7 Bxd7 26. Bh3 Ng2+ 27. Kd1 Ne3+ 28. Bxe3 dxe3
29. Bxd7+ Nxd7 30. Rb3 Re5 31. Qb4 Nc5 32. Rc3 Qd7+ {1/2-1/2 Rudolf,H-Kummerow,
H/BL 1999/ChessBase (60)}) 21. Bf4 Qd7 22. g5 Bh5 23. Qb5 (23. Kf2 Rge8 24. Bd2
Ne5 25. Qb5 d3 $1 26. Qxd7+ Rxd7 27. Nf4 Ng4+ 28. Kg1 dxc2 29. Rc1 Rxd2 30.
Nxh5 Re3 $1 $19) 23... Rge8 24. Kf2 Re4 25. Bd2 Re5 26. Qd3 Ng6 27. Nf4 Re3 {
1-0 Polzin,R-Poldauf,D/Melk AUT 1999 (41)}) 17. g4 (17. Rb4 {[%csl Gc4]} a6 {
[%cal Gd7b5]} (17... Bc6 18. g4 Nh4 19. Rg3 Bd5 20. Nxd4 Nc6 21. Nxc6 Bxc6 22.
Qc3 Qd7 23. Rd3 $18 {1-0 Smirnov,P-Kazakov,P/Russian Cup Tomsk 2002}) (17...
Nc6 18. Rb2 Be8 19. g4 Nh4 20. Kf2 Qe7 21. g5 Nf5 22. Bg2 a6 23. Bd2 Qc5 {
1-0 Tatar Kis,S-Gyarmati,P/HUN t-ch2 1998 (27)}) 18. g4 Nh4 19. a4 $146 {
Steflitsch takes the important square b5 under control.} (19. Nxd4 Bb5 $5 20.
Nxb5 axb5 21. Qe4 Qc3+ 22. Kf2 Rd1 $132 {0-1 Von Buelow,G-Poldauf,D/BL 0102
2002/ (36)}) 19... f6 $5 (19... Bc6 20. Rg3 Bd5 $13) 20. exf6 e5 {[%csl Re1]
Black sacrifised two pawns, but the position of White's king in the centre of
the board gives him full compensation.} 21. f7 (21. g5 e4 $5 22. Qxe4 Bf5 $36)
21... Rgf8 (21... Rxg4 22. Rxg4 Bxg4 23. Bh3) 22. Rg3 $6 (22. Qg3 $5 Qxc2 23.
Qxh4 Nb3 24. Rxb3 Qxb3) 22... Rxf7 23. Rh3 $2 (23. f5 Re8 $132 {[%cal Ga5c6,
Ge5e4]}) 23... Bc6 $1 {0-1 Steflitsch,E-Poldauf,D/EU-Cup Halkidiki 2002/CBM 92/
[Psakhis] (39)}) (17. c3 $5) 17... Ba4 {A critical position of the variation,
since it is the end of a series of more or less forced moves.} 18. Rb2 (18. c3
Bc2 $5 19. Qxc2 d3 20. Qa2 Qc5 21. Rg2 Ne3 $1 22. Ng3 (22. Bxe3 $6 Qxe3 $17 23.
Rg3 $6 d2+ 24. Kd1 Qf2 25. Kc2 d1=Q+ 26. Rxd1 Rxd1 27. Kxd1 Qxf1+ 28. Kd2 b5 $1
$19 {0-1 Hjartarson,J-Nogueiras,J/Belfort 1988/ChessBase (33)}) 22... Nxg2+ 23.
Qxg2 {White's chances are better.}) (18. gxf5 Bxc2 19. Qb5 Rxg1 20. Nxg1 Nb3 $5
$146 21. Rxb3 Bxb3 22. Bd2 Qc2 23. Nf3 d3 {1-0 Goloshchapov,A-Adrian,C/France
2004/ (42)}) 18... Ne3 19. Bxe3 dxe3 20. Qc3 Nc4 {Black has good compensation
for the pawn, thanks to the active position of all his pieces.} 21. Ra2 Qc5
$146 (21... Rd2 {[%csl Gc4,Gd2]} 22. Nd4 (22. Ng3 $5) 22... Rd8 (22... Nxe5 $5)
23. Qxc4 R8xd4 24. Qxc7+ Kxc7 25. Rb2 Rxf4 26. Rg3 Rxh2 27. Rb4 Rxb4 28. axb4
Rh1 29. Rf3 Bb5 {0-1 Delorme,A-Adrian,C/FRA t-ch 2003/ (29)}) 22. Rg3 (22. Ng3
e2 $1 23. Nxe2 Rd2 24. Rg3 Rgd8 $40) (22. Qb4 $2 Qd5 $18 23. Nd4 $140 Nb6 24.
c3 Qxa2) (22. Bg2 Rd2 23. Qb4 Qxb4 24. axb4 Bxc2 25. Nc3 Rgd8 $17) 22... Rd2 (
22... Kb8 $5 23. Qb4 $140 $2 Qd5 $19) (22... Bc6 $5) 23. Qb4 Qxb4 (23... Qc6
24. Nc3 Nb6 25. Rxe3 Rxh2 26. g5 $14) 24. axb4 Bxc2 25. Nc3 Bd3 (25... Bb3 $5
26. Bxc4 Bxa2 27. Bxa2 Rc2 28. Rxe3 Rxg4 29. Kd1 Rb2 30. f5 Rg1+ 31. Re1 Rgg2
$132) 26. Bxd3 Rxd3 27. Rc2 Kb8 $1 (27... Rd2 28. Rxd2 (28. Rc1 Rxh2) 28...
exd2+ 29. Ke2 $16) 28. Nb5 (28. Ke2 $5 Rd4 (28... Rgd8 $5 29. Rg2 Rd2+ 30. Kf3
Na3 $13) 29. Kf3 Rc8 $132) 28... Rc8 {Things have definitely gone wrong for
White who now needs to adjust and to fight for a draw} 29. Ke2 (29. Rc3 $5 Rd5
30. Na3 Nxa3 31. Rxa3 Rc4 32. Raxe3 Rxf4 33. h4 Rxb4 34. h5 $13) 29... Rb3 (
29... Rd5 $5 30. Nc3 Na3 31. Rc1 Rd2+ 32. Kxe3 Rxh2 $17) 30. h4 Rxb4 31. Na3 $2
{A blunder. It is hard to understand, what exactly was missed by Firman, but
in any case White's task was already not simple at all.} (31. Nd4 $8 Rd8 (31...
Rb1 32. h5 Rh1 $15) 32. Nf3 a5 33. h5 a4 34. h6 a3 $17) 31... Nxa3 32. Rxc8+
Kxc8 33. Rxe3 Nc4 $19 34. Rc3 (34. Rh3 Nb6 35. h5 Nd5) 34... Rb2+ 35. Kf3 b5
36. h5 Kd7 {Apart from this move, Kornev had a another strong continuation:} (
36... a5 $5 37. Rc1 (37. h6 Rh2) 37... a4 38. Rh1 Rd2 39. h6 Rd8 40. h7 Rh8 $19
) 37. g5 Rh2 38. Kg4 Ke7 (38... a5 $5) 39. h6 (39. Rb3 $5 a6 40. h6) 39... a5
40. Rc1 (40. Kg3 Rh1) 40... Kf8 $1 41. Kg3 Rd2 42. f5 Rd3+ 43. Kh4 (43. Kg4
exf5+ 44. Kxf5 Rd5 45. Re1 a4) 43... exf5 44. g6 (44. e6 Ne5 $5) 44... fxg6 45.
e6 (45. Kg5 Kf7 46. e6+ Kxe6 47. Rh1 Ne5) 45... Kg8 (45... Ke7 $5) 46. Kg5 Kh7
47. Kf6 a4 48. e7 (48. Rg1 Re3 49. Rxg6 Rxe6+) 48... Re3 (48... Rd6+ $5 49. Kf7
Ne5+ 50. Kf8 Rf6+ 51. Ke8 a3 $19) 49. Rd1 a3 50. Rd7 Kxh6 51. Rd3 a2 (51...
Rxd3 52. e8=Q Rd6+ 53. Kf7 Ra6 $19) 52. Rd1 Kh5 53. Ra1 Nd6 54. Rxa2 Nc8 {
A glorious finish of the knight march!} 0-1